书目信息 |
| 题名: |
水生态环境价值和保护对策
|
|
| 作者: | 王浩 , 陈敏建 , 唐克旺 主编 | |
| 分册: | ||
| 出版信息: | 北京 清华大学出版社 2004.12 |
|
| 页数: | 248页 | |
| 开本: | 23cm | |
| 丛书名: | ||
| 单 册: | ||
| 中图分类: | X143 | |
| 科图分类: | ||
| 主题词: | 水环境--shui huan jing--环境保护--研究 , 水环境--shui huan jing , 环境保护--huan jing bao hu | |
| 电子资源: | ||
| ISBN: | 7-81082-226-8 | |
| 000 | 01159nam0 2200301 45 | |
| 001 | 012005000000 | |
| 005 | 20061114094512.53 | |
| 010 | @a7-81082-226-8@dCNY30.00 | |
| 100 | @a20050421d2004 emky0chiy0121 ea | |
| 101 | 0 | @achi |
| 102 | @aCN@b110000 | |
| 105 | @aak a 000yy | |
| 200 | 1 | @a水生态环境价值和保护对策@Ashui sheng tai huan jing jia zhi he bao hu dui ce@f王浩, 陈敏建, 唐克旺主编 |
| 210 | @a北京@c清华大学出版社@a北京@c北京交通大学出版社@d2004.12 | |
| 215 | @a248页@c图@d23cm | |
| 306 | @a水利与国民经济协调发展项目资助 | |
| 320 | @a有书目 (第239-248页) | |
| 330 | @a本书主要内容包括: 我国水生态环境总体状况; 水生态系统服务功能与价值评价; 地表水环境污染经济损失评价; 与地下水有关的水环境破坏经济损失评价等。 | |
| 333 | @a阅读对象: 水资源、水环境、水土保持等领域科研、管理工作者及相关领域高等院校本科生 | |
| 606 | 0 | @a水环境@Ashui huan jing@x环境保护@x研究 |
| 606 | 0 | @a水环境@Ashui huan jing |
| 606 | 0 | @a环境保护@Ahuan jing bao hu |
| 690 | @aX143@v4 | |
| 701 | 0 | @a王浩@Awang hao@4主编 |
| 701 | 0 | @a陈敏建@Achen min jian@4主编 |
| 701 | 0 | @a唐克旺@Atang ke wang@4主编 |
| 801 | 0 | @aCN@c20061114 |
| 905 | @a10447@dX143@eW206 | |
| 水生态环境价值和保护对策/王浩, 陈敏建, 唐克旺主编.-北京:清华大学出版社;北京:北京交通大学出版社,2004.12 |
| 248页:图;23cm |
| 使用对象:阅读对象: 水资源、水环境、水土保持等领域科研、管理工作者及相关领域高等院校本科生 |
| ISBN 7-81082-226-8:CNY30.00 |
| 本书主要内容包括: 我国水生态环境总体状况; 水生态系统服务功能与价值评价; 地表水环境污染经济损失评价; 与地下水有关的水环境破坏经济损失评价等。 |
| ● |
| 相关链接 |
|
|
|
正题名:水生态环境价值和保护对策
索取号:X143/W206
 
预约/预借
| 序号 | 登录号 | 条形码 | 馆藏地/架位号 | 状态 | 备注 |
| 1 | 638147 | 206381477 | 期刊室512/501自科库 62排5列3层/ [索取号:X143/W206] | 在馆 | |
| 2 | 638148 | 206381486 | 自科库501/501自科库 62排5列3层/ [索取号:X143/W206] | 在馆 | |
| 3 | 638149 | 206381495 | 自科库501/501自科库 62排5列3层/ [索取号:X143/W206] | 在馆 |